Macroeconomía con aplicaciones a México / (Record no. 81103)

MARC details
000 -CABECERA
campo de control de longitud fija 01024nam a2200277 a 4500
005 - FECHA Y HORA DE LA ÚLTIMA TRANSACCIÓN
campo de control 20251008063956.0
008 - ELEMENTOS DE LONGITUD FIJA--INFORMACIÓN GENERAL
campo de control de longitud fija 010531s1998 mx r 000 0 spa d
020 ## - NÚMERO INTERNACIONAL NORMALIZADO PARA LIBROS
Número Internacional Estándar del Libro 9701019024
035 ## - NÚMERO DE CONTROL DEL SISTEMA
Número de control de sistema UPN01000107191
049 ## - COLECCIÓN
Colección CG
050 #4 - SIGNATURA TOPOGRÁFICA DE LA BIBLIOTECA DEL CONGRESO
Número de clasificación HC133
Número de documento/Ítem S3.48 1998
100 1# - ASIENTO PRINCIPAL--NOMBRE PERSONAL
Nombre de persona Samuelson, Paul Anthony,
Fechas asociadas al nombre 1915-
9 (RLIN) 29924
245 10 - MENCIÓN DE TÍTULO
Título Macroeconomía con aplicaciones a México /
Mención de responsabilidad, etc. Paul A. Samuelson, William D. Nordhaus; colab. Michael J. Mandel; autores de las aplicaciones a México Lourdes Dieck, José de Jesús Salazar; tr. Esther Rabasco.
250 ## - MENCIÓN DE EDICIÓN
Mención de edición 15a. ed.
260 ## - PUBLICACIÓN, DISTRIBUCIÓN, ETC.
Lugar de publicación, distribución, etc. México :
Nombre del editor, distribuidor, etc. McGraw-Hill,
Fecha de publicación, distribución, etc. c1998.
300 ## - DESCRIPCIÓN FÍSICA
Extensión 575 p.
534 ## - NOTA SOBRE LA VERSIÓN ORIGINAL
Frase introductoria Traducción de:
Mención de título del original Macroeconomics
651 #4 - ASIENTO SECUNDARIO DE MATERIA - NOMBRE GEOGRAFICO
Nombre geográfico México
Subdivisión general Condiciones económicas
9 (RLIN) 5661
651 #4 - ASIENTO SECUNDARIO DE MATERIA - NOMBRE GEOGRAFICO
Nombre geográfico México
Subdivisión general Condiciones sociales
9 (RLIN) 4559
650 #2 - ASIENTO SECUNDARIO DE MATERIA - TERMINO TEMATICO
Término de materia o nombre geográfico como elemento de entrada Macroeconomía
9 (RLIN) 709
700 1# - ASIENTO SECUNDARIO--NOMBRE DE PERSONAL
Nombre de persona Nordhaus, William D.,
Término indicativo de función/relación coaut.
9 (RLIN) 29720
700 1# - ASIENTO SECUNDARIO--NOMBRE DE PERSONAL
Nombre de persona Mandel, Michael J.,
Término indicativo de función/relación colab.
700 1# - ASIENTO SECUNDARIO--NOMBRE DE PERSONAL
Nombre de persona Dieck, Lourdes,
Término indicativo de función/relación coaut.
700 1# - ASIENTO SECUNDARIO--NOMBRE DE PERSONAL
Nombre de persona Salazar, José de Jesús,
Término indicativo de función/relación coaut.
905 ## - TIPO DE MATERIAL
Tipo de material Libro
Holdings
Estado de retiro Estado de pérdida Fuente del sistema de clasificación o colocación Estado dañado No para préstamo Código de colección Localización permanente Ubicación/localización actual Ubicación en estantería Total de préstamos Clasificación Código de barras Fecha visto por última vez Número de copia Tipo de ítem Koha
    Library of Congress Classification     Colección General Bib. Gregorio Torres Quintero Bib. Gregorio Torres Quintero Planta baja 12 HC133 S3.48 1998 170637 31/12/2020 1 Libro
    Library of Congress Classification     Colección General Bib. Gregorio Torres Quintero Bib. Gregorio Torres Quintero Planta baja 12 HC133 S3.48 1998 170638 31/12/2020 1 Libro
    Library of Congress Classification     Colección General Bib. Gregorio Torres Quintero Bib. Gregorio Torres Quintero Planta baja 9 HC133 S3.48 1998 170636 31/12/2020 1 Libro